000 00499nam a22001577a 4500
020 _a9789692243001
082 _a340.59
_bAHM
100 _aIftikhar Ahmad, Asghar Jameel
245 _aIslamic Labour Code: based on our understanding of the Quran and Sunnah/
_cIftikhar Ahmad and Asghar Jameel
250 _a2nd ed.
260 _aRawalpindi:
_bCentre for Labour Research,
_c2021.
300 _a204p.
563 _aHB
650 _aIslamic research
_aLabour code
_9133382
942 _2ddc
_cBK
999 _c616341
_d616341